[Event "Mittelfrank Regionalliga Nord-West 2223"]
[Site "Mittelfranken"]
[Date "2023.04.23"]
[Round "9.4"]
[White "Brunsch, Michael"]
[Black "Link, Klaus"]
[Result "0-1"]
[WhiteElo "1955"]
[BlackElo "1875"]
[PlyCount "80"]
[EventDate "2022.10.09"]
[EventType "team-tourn"]
[EventRounds "9"]
[EventCountry "GER"]
[SourceTitle "EXT 2024"]
[Source "ChessBase"]
[SourceDate "2023.10.10"]
[SourceVersion "1"]
[SourceVersionDate "2023.10.10"]
[SourceQuality "1"]
[WhiteTeam "Hoechstadt/Aisch"]
[BlackTeam "Klingenberg"]
[WhiteTeamCountry "GER"]
[BlackTeamCountry "GER"]

1. e4 c5 2. Be2 Nc6 3. d3 e6 4. f4 d5 5. Nf3 dxe4 6. dxe4 Qxd1+ 7. Bxd1 b6 8. 0-0 Ba6 9. Re1 0-0-0 10. Nc3 g6 11. a3 Bg7 12. e5 Nh6 13. Ne4 Nf5 14. b4 cxb4 15. axb4 Bc4 16. g4 Rxd1 17. Rxd1 Be2 18. gxf5 Bxd1 19. Nd6+ Kb8 20. Ng5 gxf5 21. c3 Bh5 22. Kf2 h6 23. Nf3 Bxf3 24. Kxf3 f6 25. b5 Na5 26. Ba3 fxe5 27. fxe5 Rd8 28. Rg1 Bxe5 29. Nf7 Rd3+ 30. Ke2 Rxc3 31. Rg8+ Kc7 32. Bb4 Rc4 33. Bd2 Re4+ 34. Kd1 Bxh2 35. Nxh6 Rd4 36. Kc2 Rd7 37. Re8 Nc4 38. Bb4 Bd6 39. Bc3 Re7 40. Ra8 Na3+ 0-1

[Event "Arco op 44th"]
[Site "Arco"]
[Date "2022.10.12"]
[Round "5"]
[White "Schmider, Bernd"]
[Black "Link, Klaus"]
[Result "1-0"]
[WhiteElo "2142"]
[BlackElo "1957"]
[PlyCount "91"]
[EventDate "2022.10.08"]
[EventType "swiss"]
[EventRounds "9"]
[EventCountry "ITA"]
[SourceTitle "CBM 210 Extra"]
[Source "ChessBase"]
[SourceDate "2022.11.30"]
[SourceVersion "1"]
[SourceVersionDate "2022.11.30"]
[SourceQuality "1"]

1. e4 c5 2. Nc3 a6 3. g3 b5 4. Bg2 Bb7 5. d3 e6 6. Nh3 Nc6 7. 0-0 Be7 8. f4 h5 9. f5 Nf6 10. Nf4 Qb6 11. Nce2 0-0-0 12. c3 h4 13. h3 hxg3 14. Nxg3 Rdg8 15. Be3 g5 16. fxg6 fxg6 17. b4 g5 18. Nfh5 Nxh5 19. Nxh5 Ne5 20. bxc5 Qc6 21. Nf6 Bxf6 22. Rxf6 g4 23. h4 Rxh4 24. Qf1 Nf3+ 25. Kf2 Nh2 26. Qg1 g3+ 27. Ke2 Ng4 28. Rf3 Ne5 29. Rf4 Rh2 30. Raf1 Ng4 31. Rf8+ Rxf8 32. Rxf8+ Kc7 33. Kf3 e5 34. Kxg4 Qg6+ 35. Kf3 Qh5+ 36. Kxg3 Qh4+ 37. Kf3 d5 38. cxd6+ Kxd6 39. Rg8 Qh5+ 40. Kf2 Kc7 41. Ke1 Bc8 42. Rg5 Qh7 43. Bf1 Qh4+ 44. Qg3 Qxg3+ 45. Rxg3 Rxa2 46. Bh3 1-0

[Event "Landesliga Nord 1920"]
[Site "Bayern"]
[Date "2020.09.13"]
[Round "8.5"]
[White "Link, Klaus"]
[Black "Neubauer, Jaroslaus"]
[Result "1-0"]
[WhiteElo "1929"]
[BlackElo "1988"]
[PlyCount "99"]
[EventDate "2019.09.29"]
[EventType "team-tourn"]
[EventRounds "9"]
[EventCountry "GER"]
[SourceTitle "EXT 2022"]
[Source "ChessBase"]
[SourceDate "2021.10.06"]
[SourceVersion "1"]
[SourceVersionDate "2021.10.06"]
[SourceQuality "1"]
[WhiteTeam "Klingenberg"]
[BlackTeam "Schweinfurt"]
[WhiteTeamCountry "GER"]
[BlackTeamCountry "GER"]

1. e4 e5 2. Nf3 Nc6 3. d4 exd4 4. Bc4 Be7 5. 0-0 d6 6. Nxd4 Nf6 7. Nc3 0-0 8. h3 a6 9. a4 Nxd4 10. Qxd4 Be6 11. Bg5 h6 12. Be3 Bxc4 13. Qxc4 Nd7 14. Nd5 Rc8 15. Qb3 b6 16. f4 a5 17. Rad1 Qe8 18. Bd4 Bd8 19. Qg3 f6 20. Rfe1 Kh8 21. f5 Rg8 22. Nf4 Nf8 23. Qh4 Kh7 24. Nh5 g5 25. fxg6+ Qxg6 26. Rd2 Nd7 27. Nf4 Qg5 28. Qf2 Ne5 29. Ne6 Qxd2 30. Re2 Qc1+ 31. Kh2 Be7 32. Re1 Qxe1 33. Qxe1 Rg6 34. Nf4 Rg7 35. Ne6 Rg6 36. Qf1 Rcg8 37. Qf5 Kh8 38. g4 c5 39. Bc3 Nxg4+ 40. hxg4 Rxg4 41. Bxf6+ Bxf6 42. Qxf6+ Kh7 43. Nf8+ Rxf8 44. Qxf8 Rg6 45. Qf5 Kg7 46. Kh3 h5 47. Kh4 Rf6 48. Qg5+ Rg6 49. Qe7+ Kh6 50. Qf8+ 1-0

[Event "Landesliga Nord 1920"]
[Site "Bayern"]
[Date "2020.01.19"]
[Round "5.6"]
[White "Link, Klaus"]
[Black "Kues, Manuel"]
[Result "0-1"]
[WhiteElo "1929"]
[BlackElo "1984"]
[PlyCount "66"]
[EventDate "2019.09.29"]
[EventType "team-tourn"]
[EventRounds "9"]
[EventCountry "GER"]
[SourceTitle "EXT 2021"]
[Source "ChessBase"]
[SourceDate "2020.10.23"]
[SourceVersion "1"]
[SourceVersionDate "2020.10.23"]
[SourceQuality "1"]
[WhiteTeam "Klingenberg"]
[BlackTeam "Kareth Lappersdorf"]
[WhiteTeamCountry "GER"]
[BlackTeamCountry "GER"]

1. e4 c5 2. Nf3 e6 3. d4 cxd4 4. Nxd4 Nc6 5. Nc3 a6 6. Be3 Nf6 7. Nxc6 bxc6 8. e5 Nd5 9. Nxd5 cxd5 10. Qd4 Qa5+ 11. c3 Rb8 12. b4 Qc7 13. Be2 Be7 14. 0-0 0-0 15. Rac1 d6 16. f4 f6 17. exd6 Qxd6 18. Qa7 Bd8 19. Bc5 Bb6 20. Kh1 Qxc5 21. Qxb8 Qc6 22. c4 Bb7 23. cxd5 Qxd5 24. Qxf8+ Kxf8 25. Bf3 Qd7 26. Rfd1 Qe7 27. Bxb7 Qxb7 28. Rd6 Be3 29. Rcd1 Ke7 30. a3 Bxf4 31. Rd8 Be3 32. h4 e5 33. Rh8 Qe4 0-1

[Event "Landesliga Nord 1920"]
[Site "Bayern"]
[Date "2019.12.08"]
[Round "4.6"]
[White "Muehling, Werner"]
[Black "Link, Klaus"]
[Result "1/2-1/2"]
[WhiteElo "2052"]
[BlackElo "1929"]
[PlyCount "29"]
[EventDate "2019.09.29"]
[EventType "team-tourn"]
[EventRounds "9"]
[EventCountry "GER"]
[SourceTitle "EXT 2021"]
[Source "ChessBase"]
[SourceDate "2020.10.23"]
[SourceVersion "1"]
[SourceVersionDate "2020.10.23"]
[SourceQuality "1"]
[WhiteTeam "Schwandorf"]
[BlackTeam "Klingenberg"]
[WhiteTeamCountry "GER"]
[BlackTeamCountry "GER"]

1. d4 Nf6 2. c4 e6 3. Nf3 Bb4+ 4. Bd2 a5 5. Nc3 d6 6. e3 Nbd7 7. b3 0-0 8. a3 Bxc3 9. Bxc3 Re8 10. Be2 b6 11. 0-0 Bb7 12. Nd2 e5 13. d5 Nc5 14. Qc2 e4 15. b4 1/2-1/2

[Event "Landesliga Nord 1920"]
[Site "Bayern"]
[Date "2019.11.24"]
[Round "3.6"]
[White "Link, Klaus"]
[Black "Goetz, Andreas"]
[Result "1/2-1/2"]
[WhiteElo "1929"]
[BlackElo "1986"]
[PlyCount "106"]
[EventDate "2019.09.29"]
[EventType "team-tourn"]
[EventRounds "9"]
[EventCountry "GER"]
[SourceTitle "EXT 2021"]
[Source "ChessBase"]
[SourceDate "2020.10.23"]
[SourceVersion "1"]
[SourceVersionDate "2020.10.23"]
[SourceQuality "1"]
[WhiteTeam "Klingenberg"]
[BlackTeam "Erlangen SC II"]
[WhiteTeamCountry "GER"]
[BlackTeamCountry "GER"]

1. e4 Nf6 2. e5 Nd5 3. d4 d6 4. Nf3 Nc6 5. h3 dxe5 6. c4 Nf6 7. d5 e4 8. Qb3 Na5 9. Qa4+ Bd7 10. Qxa5 exf3 11. Nc3 c6 12. Qxd8+ Rxd8 13. Bg5 h6 14. Bxf6 exf6 15. 0-0-0 Bd6 16. Re1+ Be5 17. gxf3 0-0 18. Bd3 Bd4 19. Re2 Rfe8 20. Ne4 cxd5 21. cxd5 Re5 22. f4 Rxd5 23. Bc4 Ra5 24. Nd6 Be6 25. Rxe6 fxe6 26. Bxe6+ Kf8 27. Nxb7 Rdd5 28. Nxa5 Rxa5 29. Rf1 Rc5+ 30. Kb1 Ke7 31. f5 Re5 32. Rd1 Re4 33. Rg1 Kf8 34. Rc1 Re2 35. Rc8+ Ke7 36. Rc7+ Kd6 37. Rd7+ Ke5 38. f3 Bb6 39. Rxg7 Re1+ 40. Kc2 Re2+ 41. Kc1 Rh2 42. Rg4 Rxh3 43. Re4+ Kd6 44. Bc8 Rxf3 45. Rh4 Be3+ 46. Kc2 Bg5 47. Rh2 Rf1 48. Kd3 Rc1 49. Be6 Rc7 50. Ke4 Rb7 51. b3 Rc7 52. Rh3 Rc2 53. a4 Re2+ 1/2-1/2

[Event "Landesliga Nord 1920"]
[Site "Bayern"]
[Date "2019.11.10"]
[Round "2.6"]
[White "Grafe, Wilhelm"]
[Black "Link, Klaus"]
[Result "0-1"]
[WhiteElo "1977"]
[BlackElo "1929"]
[PlyCount "46"]
[EventDate "2019.09.29"]
[EventType "team-tourn"]
[EventRounds "9"]
[EventCountry "GER"]
[SourceTitle "EXT 2021"]
[Source "ChessBase"]
[SourceDate "2020.10.23"]
[SourceVersion "1"]
[SourceVersionDate "2020.10.23"]
[SourceQuality "1"]
[WhiteTeam "Nuernberg NT II"]
[BlackTeam "Klingenberg"]
[WhiteTeamCountry "GER"]
[BlackTeamCountry "GER"]

1. Nf3 d5 2. d4 Nf6 3. g3 c6 4. Bg2 Bg4 5. Nbd2 Nbd7 6. c4 e6 7. h3 Bxf3 8. Bxf3 Be7 9. 0-0 0-0 10. Rb1 e5 11. cxd5 Nxd5 12. Bxd5 cxd5 13. Qb3 exd4 14. Qxd5 Nc5 15. Qf3 Qc8 16. Kg2 Rd8 17. Ne4 Ne6 18. Bd2 Qc4 19. b3 Qa6 20. Qd3 Qxd3 21. exd3 f5 22. Rfe1 Kf7 23. Ng5+ Bxg5 0-1

[Event "Landesliga Nord 1819"]
[Site "Bayern"]
[Date "2019.02.24"]
[Round "7.6"]
[White "Link, Klaus"]
[Black "Kwossek, Georg"]
[Result "1/2-1/2"]
[WhiteElo "1927"]
[BlackElo "1943"]
[PlyCount "57"]
[EventDate "2018.10.21"]
[EventType "team-tourn"]
[EventRounds "9"]
[EventCountry "GER"]
[SourceTitle "EXT 2022"]
[Source "ChessBase"]
[SourceDate "2021.10.06"]
[SourceVersion "1"]
[SourceVersionDate "2021.10.06"]
[SourceQuality "1"]
[WhiteTeam "Klingenberg"]
[BlackTeam "Kitzingen SC"]
[WhiteTeamCountry "GER"]
[BlackTeamCountry "GER"]

1. e4 d6 2. d4 Nf6 3. Nc3 e5 4. Nge2 Be7 5. dxe5 dxe5 6. Qxd8+ Bxd8 7. f3 0-0 8. Be3 Be6 9. 0-0-0 Nbd7 10. g4 c6 11. g5 Nh5 12. h4 Bb6 13. Bxb6 Nxb6 14. b3 a5 15. a4 Nd7 16. Bh3 Bxh3 17. Rxh3 Nc5 18. Ng3 Nf4 19. Rh2 Rfd8 20. Rhd2 Rxd2 21. Rxd2 g6 22. Rh2 Nce6 23. Nge2 Rd8 24. Nxf4 Nxf4 25. Ne2 Ne6 26. Rh1 Kg7 27. Rf1 Nc5 28. Nc3 Ne6 29. Ne2 1/2-1/2

[Event "Landesliga Nord 1819"]
[Site "Bayern"]
[Date "2019.02.03"]
[Round "6.6"]
[White "Frieser, Klaus"]
[Black "Link, Klaus"]
[Result "1/2-1/2"]
[WhiteElo "2079"]
[BlackElo "1927"]
[PlyCount "36"]
[EventDate "2018.10.21"]
[EventType "team-tourn"]
[EventRounds "9"]
[EventCountry "GER"]
[SourceTitle "EXT 2022"]
[Source "ChessBase"]
[SourceDate "2021.10.06"]
[SourceVersion "1"]
[SourceVersionDate "2021.10.06"]
[SourceQuality "1"]
[WhiteTeam "Kelheim SK"]
[BlackTeam "Klingenberg"]
[WhiteTeamCountry "GER"]
[BlackTeamCountry "GER"]

1. d4 Nf6 2. Nf3 e6 3. Bf4 c5 4. e3 Qb6 5. Qc1 Nc6 6. c3 d5 7. Bd3 Be7 8. Nbd2 Bd7 9. h3 Rc8 10. 0-0 cxd4 11. exd4 Nb4 12. Bb1 Bb5 13. Re1 Nd3 14. Bxd3 Bxd3 15. Ne5 Bg6 16. Bg5 Qd8 17. Qd1 0-0 18. Qa4 a6 1/2-1/2

[Event "Landesliga Nord 1819"]
[Site "Bayern"]
[Date "2018.11.11"]
[Round "2.6"]
[White "Petrashov, Alexander"]
[Black "Link, Klaus"]
[Result "1-0"]
[WhiteElo "2003"]
[BlackElo "1927"]
[PlyCount "79"]
[EventDate "2018.10.21"]
[EventType "team-tourn"]
[EventRounds "9"]
[EventCountry "GER"]
[SourceTitle "EXT 2022"]
[Source "ChessBase"]
[SourceDate "2021.10.06"]
[SourceVersion "1"]
[SourceVersionDate "2021.10.06"]
[SourceQuality "1"]
[WhiteTeam "Nuernberg NT II"]
[BlackTeam "Klingenberg"]
[WhiteTeamCountry "GER"]
[BlackTeamCountry "GER"]

1. e4 c6 2. e5 d6 3. exd6 exd6 4. d4 d5 5. Bd3 Bd6 6. Qf3 Qf6 7. c3 Be6 8. Nd2 Nd7 9. Ne2 Ne7 10. Ng3 Qxf3 11. Nxf3 Bg4 12. Ke2 h6 13. h3 Be6 14. Re1 0-0-0 15. Nh5 Rdg8 16. Bf4 Kc7 17. Bxd6+ Kxd6 18. Nf4 Bf5 19. g4 Bxd3+ 20. Kxd3 g5 21. Ne5 Nxe5+ 22. dxe5+ Kd7 23. Nh5 Rd8 24. Re3 c5 25. Rae1 d4 26. cxd4 Kc6 27. Rf3 Rxd4+ 28. Kc2 Rhd8 29. Rxf7 Nd5 30. a3 Nf4 31. Nxf4 Rd2+ 32. Kc1 gxf4 33. Rxf4 b5 34. e6 R2d6 35. Rfe4 a5 36. f4 b4 37. axb4 cxb4 38. f5 b3 39. f6 Rc8 40. Rc4+ 1-0

[Event "Landesliga Nord 1819"]
[Site "Bayern"]
[Date "2018.10.21"]
[Round "1.6"]
[White "Link, Klaus"]
[Black "Stiller, Juergen"]
[Result "0-1"]
[WhiteElo "1927"]
[BlackElo "2104"]
[PlyCount "96"]
[EventDate "2018.10.21"]
[EventType "team-tourn"]
[EventRounds "9"]
[EventCountry "GER"]
[SourceTitle "EXT 2022"]
[Source "ChessBase"]
[SourceDate "2021.10.06"]
[SourceVersion "1"]
[SourceVersionDate "2021.10.06"]
[SourceQuality "1"]
[WhiteTeam "Klingenberg"]
[BlackTeam "Nuernberg Sued SW"]
[WhiteTeamCountry "GER"]
[BlackTeamCountry "GER"]

1. e4 c6 2. Nf3 d5 3. Nc3 dxe4 4. Nxe4 Nf6 5. Ng3 Bg4 6. h3 Bxf3 7. Qxf3 e6 8. c3 Bd6 9. d4 Qc7 10. Ne4 Nxe4 11. Qxe4 Nd7 12. Bd3 0-0-0 13. 0-0 h6 14. b4 Nf6 15. Qf3 Nd5 16. b5 c5 17. Be4 Nf6 18. dxc5 Bxc5 19. Bf4 e5 20. Bf5+ Kb8 21. Be3 Bxe3 22. fxe3 Rd2 23. Rfd1 Rhd8 24. Rxd2 Rxd2 25. Rd1 Qxc3 26. Rxd2 Qxd2 27. Qg3 Qc3 28. Qf2 Kc7 29. Kh2 Kb6 30. a4 e4 31. Qf4 Qd3 32. a5+ Kxb5 33. Qb8 Kc6 34. Qxa7 Qd6+ 35. Kg1 Qc5 36. Qxc5+ Kxc5 37. Bc8 Kc6 38. a6 bxa6 39. Bxa6 Kd5 40. Bb5 Ke5 41. Bc4 Nd5 42. Kf2 f5 43. h4 f4 44. exf4+ Nxf4 45. g3 Nd5 46. Bb3 Kd4 47. g4 g5 48. hxg5 hxg5 0-1

[Event "Rheinland Pfalz op 10th"]
[Site "Nickenich"]
[Date "2018.06.01"]
[Round "3"]
[White "Farmani Anosheh, Yasha"]
[Black "Link, Klaus"]
[Result "1-0"]
[WhiteElo "2164"]
[BlackElo "1992"]
[PlyCount "87"]
[EventDate "2018.05.31"]
[EventType "swiss"]
[EventRounds "7"]
[EventCountry "GER"]
[SourceTitle "EXT 2019"]
[Source "ChessBase"]
[SourceDate "2018.10.10"]
[SourceVersion "1"]
[SourceVersionDate "2018.10.10"]
[SourceQuality "1"]

1. d4 Nf6 2. c4 e6 3. Nf3 Bb4+ 4. Nbd2 b6 5. a3 Be7 6. e4 d5 7. e5 Ne4 8. Bd3 Nxd2 9. Bxd2 dxc4 10. Bxc4 0-0 11. Qe2 Bb7 12. 0-0 Nd7 13. b4 c5 14. Bc3 Qc7 15. Nd2 Rac8 16. Rac1 Rfd8 17. dxc5 bxc5 18. b5 Nb6 19. Ba5 Rd4 20. Bd3 Qd7 21. Bb1 Qd5 22. Nf3 c4 23. Bc3 Rd3 24. Bxd3 cxd3 25. Qb2 Na4 26. Qa1 Bg5 27. Bd2 Bxd2 28. Rxc8+ Bxc8 29. Nxd2 Bb7 30. Nf3 Qxb5 31. Rb1 Qa6 32. Qd4 h6 33. Ne1 Nb6 34. Qd8+ Kh7 35. Qxd3+ Qxd3 36. Nxd3 Be4 37. Rb3 Nc4 38. Rc3 Nd2 39. Nb2 Nb1 40. Rc4 Bd5 41. Ra4 a6 42. Rxa6 Nc3 43. Ra7 Nb5 44. Ra5 1-0

[Event "Rheinland Pfalz op 10th"]
[Site "Nickenich"]
[Date "2018.06.01"]
[Round "4"]
[White "Link, Klaus"]
[Black "Marzec, Witold"]
[Result "1-0"]
[WhiteElo "1992"]
[BlackElo "1747"]
[PlyCount "125"]
[EventDate "2018.05.31"]
[EventType "swiss"]
[EventRounds "7"]
[EventCountry "GER"]
[SourceTitle "EXT 2019"]
[Source "ChessBase"]
[SourceDate "2018.10.10"]
[SourceVersion "1"]
[SourceVersionDate "2018.10.10"]
[SourceQuality "1"]

1. e4 c5 2. c3 e5 3. Nf3 Nc6 4. d4 d6 5. Bb5 Bd7 6. 0-0 Qc7 7. dxe5 dxe5 8. Be3 Nf6 9. Nbd2 a6 10. Ba4 b5 11. Bc2 Ng4 12. Bg5 Be7 13. a4 0-0 14. Qe2 Bxg5 15. Nxg5 h6 16. Ngf3 Ne7 17. h3 Nf6 18. Rfc1 Ng6 19. g3 Qb6 20. Kh2 Qe6 21. Ng1 h5 22. Nf1 h4 23. a5 hxg3+ 24. fxg3 Ne7 25. Rd1 g6 26. Rd2 Kg7 27. Rad1 Nc8 28. Kg2 Rh8 29. Ne3 Ra7 30. g4 Re8 31. Nf3 Qc6 32. Nd5 Re6 33. Ng5 Re8 34. Rf1 Nxd5 35. exd5 Qd6 36. Rxf7+ Kg8 37. Qf2 Rf8 38. Rxf8+ Qxf8 39. Qh4 Qg7 40. Ne6 Qe7 41. Qh6 Bxe6 42. dxe6 Nd6 43. Qxg6+ Kh8 44. Qh5+ Kg8 45. Qxe5 Nc4 46. Qb8+ Kg7 47. Rf2 Qb7+ 48. Qxb7+ Rxb7 49. Be4 Re7 50. Bf5 Nxa5 51. g5 Nc4 52. Kf3 Ne5+ 53. Kg3 b4 54. Re2 Nc6 55. h4 bxc3 56. bxc3 a5 57. h5 Rc7 58. h6+ Kg8 59. Rd2 Kf8 60. g6 a4 61. Be4 a3 62. Bxc6 Rxc6 63. g7+ 1-0

[Event "Bamberg op 1st"]
[Site "Bamberg"]
[Date "2018.05.09"]
[Round "1"]
[White "Link, Klaus"]
[Black "Goldbeck, Lars"]
[Result "0-1"]
[WhiteElo "1992"]
[BlackElo "2247"]
[PlyCount "56"]
[EventDate "2018.05.09"]
[EventType "swiss"]
[EventRounds "7"]
[EventCountry "GER"]
[SourceTitle "CBM 184 Extra"]
[Source "ChessBase"]
[SourceDate "2018.06.28"]
[SourceVersion "1"]
[SourceVersionDate "2018.06.28"]
[SourceQuality "1"]

1. e4 c5 2. c3 d5 3. exd5 Nf6 4. d4 Nxd5 5. Nf3 e6 6. Bd3 cxd4 7. Nxd4 Bd6 8. 0-0 0-0 9. Qf3 Nd7 10. Re1 g6 11. Be4 Ne5 12. Qh3 f5 13. Bc2 Ng4 14. Bb3 Bxh2+ 15. Kf1 Be5 16. Rxe5 Nxe5 17. Bh6 Re8 18. Nd2 b6 19. N2f3 Qc7 20. Re1 Ba6+ 21. Kg1 Nxf3+ 22. Qxf3 Bc4 23. Ba4 b5 24. Nxb5 Qd7 25. b3 Bxb5 26. Bxb5 Qxb5 27. c4 Qb4 28. Qd1 Nf6 0-1

[Event "Regionalliga NW 1617"]
[Site "Bayern"]
[Date "2017.02.05"]
[Round "5.7"]
[White "Link, Klaus"]
[Black "Lechleitner, Walter"]
[Result "1-0"]
[WhiteElo "1975"]
[BlackElo "1934"]
[PlyCount "73"]
[EventDate "2016.10.16"]
[EventType "team-tourn"]
[EventRounds "9"]
[EventCountry "GER"]
[SourceTitle "EXT 2019"]
[Source "ChessBase"]
[SourceDate "2018.10.10"]
[SourceVersion "1"]
[SourceVersionDate "2018.10.10"]
[SourceQuality "1"]
[WhiteTeam "Klingenberg/Main"]
[BlackTeam "Kronach"]
[WhiteTeamCountry "GER"]
[BlackTeamCountry "GER"]

1. e4 e6 2. d4 d5 3. Nc3 Nf6 4. Bg5 Bb4 5. e5 h6 6. exf6 hxg5 7. fxg7 Rg8 8. a3 Bxc3+ 9. bxc3 Qf6 10. h4 gxh4 11. Qh5 Nd7 12. Nf3 Qxg7 13. Qxh4 Nf6 14. Ne5 Bd7 15. Rh3 Qg5 16. Qxg5 Rxg5 17. Rh8+ Rg8 18. Rxg8+ Nxg8 19. Bd3 c5 20. Rb1 c4 21. Be2 b6 22. Bh5 Nh6 23. g4 Ba4 24. g5 Nf5 25. Bxf7+ Ke7 26. Kd2 Nd6 27. Bg6 Rf8 28. Rh1 Rxf2+ 29. Ke3 Rg2 30. Rh7+ Kf8 31. Rxa7 Bxc2 32. Kf3 Rd2 33. Rd7 Nf5 34. Rd8+ Kg7 35. Rd7+ Kf8 36. Rf7+ Kg8 37. Bh7+ 1-0

[Event "Regionalliga NW 1516"]
[Site "Bayern"]
[Date "2015.12.13"]
[Round "4.8"]
[White "Reitz, Helmut"]
[Black "Link, Klaus"]
[Result "0-1"]
[WhiteElo "1790"]
[BlackElo "1932"]
[PlyCount "61"]
[EventDate "2015.10.11"]
[EventType "team-tourn"]
[EventRounds "9"]
[EventCountry "GER"]
[SourceTitle "EXT 2018"]
[Source "ChessBase"]
[SourceDate "2017.10.13"]
[SourceVersion "1"]
[SourceVersionDate "2017.10.13"]
[SourceQuality "1"]
[WhiteTeam "Wuerzburg"]
[BlackTeam "Klingenberg"]
[WhiteTeamCountry "GER"]
[BlackTeamCountry "GER"]

1. d4 c5 2. dxc5 e6 3. e4 Bxc5 4. Nf3 Qb6 5. Qd2 Nf6 6. Bd3 Nc6 7. Nc3 Qc7 8. Qg5 Be7 9. Bf4 d6 10. Nb5 Qa5+ 11. Bd2 Qd8 12. Bc3 a6 13. Na3 b5 14. Qd2 Qb6 15. Nd4 Bd7 16. Nxc6 Bxc6 17. f3 a5 18. Bxf6 Bxf6 19. c3 0-0 20. Nc2 Rfb8 21. Rb1 b4 22. Ke2 bxc3 23. bxc3 Qc5 24. c4 d5 25. cxd5 exd5 26. Qe3 Qc3 27. Rxb8+ Rxb8 28. Qa7 Re8 29. Rb1 dxe4 30. Bxe4 Bxe4 31. Ne3 0-1

[Event "Regionalliga NW 1516"]
[Site "Bayern"]
[Date "2015.11.15"]
[Round "3.7"]
[White "Link, Klaus"]
[Black "Schmierer, Hans Joachim"]
[Result "1/2-1/2"]
[WhiteElo "1932"]
[BlackElo "1821"]
[PlyCount "87"]
[EventDate "2015.10.11"]
[EventType "team-tourn"]
[EventRounds "9"]
[EventCountry "GER"]
[SourceTitle "EXT 2018"]
[Source "ChessBase"]
[SourceDate "2017.10.13"]
[SourceVersion "1"]
[SourceVersionDate "2017.10.13"]
[SourceQuality "1"]
[WhiteTeam "Klingenberg"]
[BlackTeam "Kronach"]
[WhiteTeamCountry "GER"]
[BlackTeamCountry "GER"]

1. e4 d6 2. d4 Nf6 3. Nc3 g6 4. Be3 Bg7 5. Qd2 Ng4 6. Bg5 h6 7. Bh4 Nd7 8. f3 Ngf6 9. 0-0-0 e5 10. dxe5 dxe5 11. Bc4 0-0 12. Nge2 Nxe4 13. Bxf7+ Rxf7 14. Bxd8 Nxd2 15. Rxd2 c6 16. Ne4 Nf6 17. Bxf6 Bxf6 18. Nxf6+ Rxf6 19. Rd8+ Rf8 20. Rhd1 Be6 21. Rxa8 Rxa8 22. Nc3 Re8 23. Ne4 Re7 24. Rd8+ Kf7 25. h4 Bd5 26. Nd6+ Ke6 27. c4 Rd7 28. Rxd7 Kxd7 29. cxd5 Kxd6 30. dxc6 Kxc6 31. Kc2 a5 32. Kd3 Kd5 33. a4 b6 34. b3 Kc5 35. Kc3 b5 36. axb5 Kxb5 37. Kc2 Kb4 38. Kb2 Kc5 39. Kc3 Kd5 40. Kd3 Kc5 41. Kc3 Kb5 42. Kc2 Kb4 43. Kb2 Kb5 44. Kc2 1/2-1/2

[Event "Regionalliga NW 1516"]
[Site "Bayern"]
[Date "2015.10.25"]
[Round "2.8"]
[White "Link, Klaus"]
[Black "Doleschal, Johannes"]
[Result "1-0"]
[WhiteElo "1932"]
[BlackElo "1834"]
[PlyCount "83"]
[EventDate "2015.10.11"]
[EventType "team-tourn"]
[EventRounds "9"]
[EventCountry "GER"]
[SourceTitle "EXT 2018"]
[Source "ChessBase"]
[SourceDate "2017.10.13"]
[SourceVersion "1"]
[SourceVersionDate "2017.10.13"]
[SourceQuality "1"]
[WhiteTeam "Klingenberg"]
[BlackTeam "Kirchenlaibach"]
[WhiteTeamCountry "GER"]
[BlackTeamCountry "GER"]

1. c4 e5 2. Nc3 Nf6 3. g3 Nc6 4. Bg2 g6 5. e3 Bg7 6. Nge2 0-0 7. 0-0 Re8 8. d3 d6 9. a3 Be6 10. Nd5 Bxd5 11. cxd5 Ne7 12. e4 c6 13. Qb3 Qd7 14. f4 cxd5 15. fxe5 dxe5 16. Bg5 Qd6 17. Nc3 d4 18. Bxf6 Bxf6 19. Nb5 Qb6 20. Rxf6 Qxf6 21. Nc7 b6 22. Rf1 Qg7 23. Bh3 Rf8 24. Nxa8 Rxa8 25. Rxf7 Qh6 26. Rxe7+ Kh8 27. Rf7 Qxh3 28. Qd5 Re8 29. Qd6 Qh6 30. Qf6+ Kg8 31. Rxa7 Rf8 32. Qe6+ Kh8 33. Qxe5+ Kg8 34. Qd5+ Kh8 35. Qxd4+ Kg8 36. Qd5+ Kh8 37. Qd4+ Kg8 38. Rc7 g5 39. Qd5+ Kh8 40. Qd4+ Kg8 41. Qc4+ Kh8 42. Rc8 1-0

[Event "Landesliga Nord 1415"]
[Site "Bayern"]
[Date "2015.03.15"]
[Round "8.8"]
[White "Link, Klaus"]
[Black "Meulner, Klaus"]
[Result "1/2-1/2"]
[WhiteElo "1932"]
[BlackElo "2085"]
[PlyCount "27"]
[EventDate "2014.10.19"]
[EventType "team-tourn"]
[EventRounds "9"]
[EventCountry "GER"]
[SourceTitle "EXT 2018"]
[Source "ChessBase"]
[SourceDate "2017.10.13"]
[SourceVersion "1"]
[SourceVersionDate "2017.10.13"]
[SourceQuality "1"]
[WhiteTeam "Klingenberg"]
[BlackTeam "Nuernberg Sued SW"]
[WhiteTeamCountry "GER"]
[BlackTeamCountry "GER"]

1. e4 b6 2. d4 Bb7 3. Bd3 e6 4. Ne2 Nf6 5. Nbc3 d5 6. exd5 Nxd5 7. Nxd5 Bxd5 8. 0-0 Bb7 9. c3 Bd6 10. Bf4 Nd7 11. Bxd6 cxd6 12. Ng3 h5 13. Ne4 Qe7 14. Qa4 1/2-1/2